000 00728nam a2200241Ia 4500
008 160319s9999 xx 000 0 und d
020 _a978-971-584-615-8
050 _aFIL QC 37
050 _b.M46 2010
100 _aMendoza, Phebe P.
245 _aLaboratory manual in introductory physics /
245 _cPhebe P. Mendoza, Alma B. Punzalan, Maria Cristina A. Sicat.
250 _aRevised Edition
260 _aQuezon City:
260 _bC&E Publishing, Inc.
260 _c2010
300 _a71 pages :
300 _billustrations ;
300 _c26 cm.
500 _aIncludes bibliographical references.
650 _aPhysics -- Laboratory manuals.
650 _xPhysics -- Study and teaching (Higher).
999 _c291882
_d291882